01207 a2200169 45000010006000000050017000060080041000230030015000640400040000790800066001192450051001852640029002363000019002655050723002840410008010071000022010154289720260407155715.0260407a1967 arg spa dAR-UNSa-BCEJYS aAR-UNSa-BCEJYSbspacAR-UNSa-BCEJYS a338.26xPlanes económicos. Planificación de la economía10aTécnicas cuantitativas de la planificación 1aBarcelona :bArielc1967 a232 p.c23 cm. a1. El equilibrio espontáneo y el plan - 2. El efecto de promoción y las dos técnicas fundamentales de la planificación - 3. El efecto de promoción y la planificación a partir de los grandes agregados - 4. El efecto de promoción y la planificación a partir de los pequeños agregados - 5. La inversión promotora - 6. Las inversiones desagregadas y el efecto de promoción: industrias "modernas" e industrias "eternamentes nuevas" - 7. Las inversiones desagregadas y el efecto de promoción: sector de crecimiento fuerte y sector de crecimiento débil - 8. Las inversiones desagregadas y el efecto de promoción: sector público - 9. Las técnicas cuantitativas del plan y las funciones sociales aspa1 aPerroux, Francois